000 01161nam0a2200253 i 4500
001 RU\NLR\BIBL_A\010709363
005 20241105182406.0
035 _a(NLR Aleph) 010709363
090 _a9762594
_c9762594
100 _a20150327d2015 um y0rusy50 ca
101 0 _arus
102 _aRU
105 _aa|||z|||000yy
200 1 _aГазета жителей Москвы "Наш дом"
_eпрочти и передай другому
_e[сборник]
_fМ.В. Малинин
210 _aМосква
_cиздание Совета многоквартирного дома
_d2015
215 _a36 с.
_cцв. ил.
_d21
327 1 _aВ сб. включен полный текст газеты за май 2014 г. и документы-комментарии по истории газеты
601 0 2 _a"Наш дом", газета
_cМосква, город
_jСборники
_92225519
_3RU\NLR\AUTH\6601568973
686 1 _aЧ612.4(2-2М)71я43
700 1 _aМалинин
_bМ.В.
942 _cBOOK
980 _aNBR